01571nam a2200337 ia450000500170000000800410001702000370005804000250009508200140012009000180013410000260015224500550017825000410023326400360027426400110031030000570032133600210037833700250039933800230042449000230044750000470047052005030051765000310102065000330105165000470108465500160113170000340114783000220118194200110120399900190121420260628132402.0260628t20242024enka jr 000 1 eng d a9781445190808cRM45.00qhardback aPPAKbengcPPAKerda04223a428.600a428.6bGRAdK1 aGraves, Sue,eauthor.10aLION FEELS WORRIED /cSUE GRAVES AND TREVOR DUNTON aThis edition first published in 2024 1aLondon :bFranklin Watts,c2024 4c©2024 a12 unnumbered pages :bcolour illustrations ;c18 cm atext2rdacontent aunmediated2rdamedia avolume2rdacarrier1 aBehaviour MATTERS! aFirst published in 2015 by Franklin Watts. aLion is off on a school trip to Jungle Land - the most exciting theme park EVER! He should be thrilled, but he cannot stop worrying and it's ruining the trip for him. Can Miss Bird and his friends help him to relax and have fun? A lively board book that examines the issue of being worried in an amusing but reassuring way through animal characters - perfect for young children who have feelings of anxiety and worry. The story offers a gentle way in to discussing the things children worry about. 10aReadersvJuvenile fiction.20aChildren's stories, English.20aBehavior modification vJuvenile fiction.  aBoard books1 aDunton, Trevor,eillustrator. 0aBehavior matters! 2ddccB c204697d204697